Welcome to the Holygrace Academy Library

Please use search bar below to get started

OMALE AAROMALE (Record no. 2354)

MARC details
000 -LEADER
fixed length control field 00294nam a22001217a 4500
082 ## - DEWEY DECIMAL CLASSIFICATION NUMBER
Classification number 823
Item number THI/O
100 ## - MAIN ENTRY--AUTHOR NAME
Personal name THIRUMOOLAPURAM, JOY
245 ## - TITLE STATEMENT
Title OMALE AAROMALE
260 ## - PUBLICATION, DISTRIBUTION, ETC. (IMPRINT)
Place of publication TRIVANDRUM
Name of publisher PRABHATHAM PRINTING & PUBLISHING
Year of publication 1986
300 ## - PHYSICAL DESCRIPTION
Number of Pages 107
650 ## - SUBJECT ADDED ENTRY--TOPICAL TERM
Topical Term NOVEL MALAYALAM
Geographic subdivision KERALA
942 ## - ADDED ENTRY ELEMENTS (KOHA)
Koha item type Books
Holdings
Withdrawn status Lost status Collection code Home library Current library Shelving location Date acquired Source of acquisition Cost, normal purchase price Full call number Accession Number Koha item type
    Reference Main Library Main Library SHELF 1-J-ENGLISH NOVELS FOR TEACHERS 12/01/2005 purchase 9.00 823 THI/O 01998 Books